00752nam a22002177a 4500003000900000005001700009007000300026008004100029020001800070040002500088041000800113082001000121100004000131245008000171260004400251300003600295500007300331500005700404500003900461504003400500DO-SdBNP20210806131847.0ta210615e2020 dr ad||gr|||| 001 0dspa d a9789945618297 aDO-SdBNPbspacBNPHU hspa bC957c1 aCruz Campusano, Mario de lad1971 -13aEl consejo episcopal latinoamericano (CELAM) /cMario de la Cruz Campusano. aSanto Domingo:bAmigo del Hogar,c2020. a130 p. :bil., diagr. ;c23 cm. aIncluye referencias bibliográficas y notas al pie de las páginas aIncluye datos biográficos del autor en las solapas aIncluye abreviaturas más usadas. aBibliografía : p. 122 - 130